00925 a2200169 4500003000500000005001700005040000900022082001400031100002400045245003900069260002400108300001000132505046000142942001200602999001900614952012200633Nust20221014105539.0 cNust a604.2,ROS aRoss, Stan 9100288 aThe World of Drafting /bStan Ross aUSAbMCknightc1971 a372p; aDrafting Is (Page-1), Drawing Freehand (Page-25), Drafting Conventional Practices (Page-109), Drafting Tools, Books, Supplies and Equipment (Page-138), Drawing Mechanically (Page-150), Drawing Orthographic Projections (Page-185), Drawing Pictorially (Page-230), Drawing Developments (Page-242),Drawing with Grids (Page-254),Drawing with Building (Page-268), Drawing Systems (Page-282),Reproduction and Care Drawings (Page-306), Drafting Design (Page-312). 2ddccBK c193504d193504 00102ddc4070aMCSbMCScGENd2016-12-12o604.2,ROSpMCS5961r2016-12-08w2016-12-12yBKzAlmirah No.26, Shelf No.2